The integration of Chinese and western values as globalised cultural capital among the Malaysian Chinese /
Saved in:
| Main Author: | |
|---|---|
| Format: | Thesis Book |
| Language: | English |
| Published: |
2016.
|
| Subjects: | |
| Online Access: | http://studentsrepo.um.edu.my/6829/ |
| Tags: |
Add Tag
No Tags, Be the first to tag this record!
|
| LEADER | 01434cam a2200361 i 4500 | ||
|---|---|---|---|
| 001 | u1045596 | ||
| 003 | SIRSI | ||
| 005 | 201701041243 | ||
| 008 | 170104s2016 my a m 000 0 eng | ||
| 040 | |a UMM |e rda | ||
| 043 | |a a-my--- | ||
| 090 | |a GN8 |b UMP 2016 Cha | ||
| 100 | 1 | |a Chan, Suet Kay, |e author. | |
| 245 | 1 | 4 | |a The integration of Chinese and western values as globalised cultural capital among the Malaysian Chinese / |c Chan Suet Kay. |
| 264 | 1 | |c 2016. | |
| 264 | 4 | |c 2016. | |
| 300 | |a iv, 363 leaves, 70 unnumbered leaves : |b illustrations ; |c 30 cm. | ||
| 336 | |a text |2 rdacontent | ||
| 337 | |a unmediated |2 rdamedia | ||
| 338 | |a volume |2 rdacarrier | ||
| 502 | |b Ph.D. |c Jabatan Antropologi dan Sosiologi, Fakulti Sastera dan Sains Sosial, Universiti Malaya |d 2016. | ||
| 504 | |a Bibliography: leaves 314-362. | ||
| 650 | 0 | |a Cross-cultural orientation. | |
| 650 | 0 | |a Culture |z Malaysia. | |
| 650 | 0 | |a Chinese |z Malaysia |x Social conditions. | |
| 650 | 0 | |a Culture |x Psychological aspects | |
| 650 | 0 | |a East and West | |
| 710 | 2 | |a Universiti Malaya. |b Jabatan Antropologi dan Sosiologi, |e degree granting institution. | |
| 856 | 4 | 1 | |u http://studentsrepo.um.edu.my/6829/ |
| 900 | |a NSR NSM | ||
| 596 | |a 1 25 | ||
| 999 | |a GN8 UMP 2016 CHA |w LC |c 1 |i A516174087 |d 13/4/2017 |f 13/4/2017 |g 1 |l STACKS |m P01UTAMA |r Y |s Y |t TESIS |u 13/4/2017 |1 AHSS | ||
| 999 | |a GN8 UMP 2016 CHA |w LC |c 1 |i A516565573 |l STACKS |m P25UMARCHI |r Y |s Y |t CD |u 5/1/2018 |1 AHSS | ||
